000 00199nam a2200085Ia 4500
008 170620s9999 xx 000 0 und d
100 _aTyagi - S
245 0 _aCode of Civil Procedure
260 _bCentral Law Pub.
260 _c2001
999 _c28518
_d28518